Visualizzazione normale
Vista MARC
- Coletti Gianna
di Personal Name
Records bibliografici associati: 1
001 - CONTROL NUMBER
- control field: 59284
003 - CONTROL NUMBER IDENTIFIER
- control field:
005 - DATE AND TIME OF LATEST TRANSACTION
- control field: 20230123151131.0
008 - FIXED-LENGTH DATA ELEMENTS
- fixed length control field: 230123|| aca||aabn | a|a d
040 ## - CATALOGING SOURCE
- Original cataloging agency:
- Transcribing agency:
100 ## - HEADING--PERSONAL NAME
- Personal name: Coletti Gianna
670 ## - SOURCE DATA FOUND
- Source citation: Work cat.: ()359563: Coletti Gianna, Mamma a carico, 2015